000 00577nam a2200193 i 4500
001 40956
003 ES-MaACL
005 20230906160339.0
007 t|
008 030307s1925 fr ||||1| fre d
100 1 _aCartan, Elie.
_935872
245 1 3 _aLa geometrie des espaces de Riemann /
_cpar Elie Cartan.
260 _aParis :
_bGauthier-Villars,
_c1925.
300 _a58 p. ;
_c25 cm.
490 1 _aMemorial des sciences mathematiques ;
_v9
830 0 _aMemorial des sciences mathematiques ;
_v9
_9229768
852 _aES-MaACL
_j1768-F-15
999 _c40956
_d40956